Nommer les princesses Disney - Statistiques

Statistiques générales
  • Ce quiz a été pris 183 fois
  • Le résultat moyen est 12 sur 15
Statistiques - réponses
Indice (année de sortie du film) Princesses Disney % Correct
1937 Blanche Neige
97%
1950 Cendrillon
93%
2010 Raiponce
88%
1991 Belle
87%
2013 Elsa
86%
1959 Aurore
85%
1989 Ariel
81%
2013 Anna
78%
1998 Mulan
77%
1995 Pocahontas
74%
2016 Vaiana
74%
1992 Jasmine
67%
2009 Tiana
66%
2012 Mérida
64%
2021 Raya
51%
Aucun quiz correspondant
Distribution des résultats
% des personnes avec chaque résultat
Percentile par nombre de réponses
Votre historique - résultats
Vous n’avez pas pris ce quiz